| 000 | 00660nam a2200205 i 4500 | ||
|---|---|---|---|
| 001 | 169799 | ||
| 003 | ES-MaACL | ||
| 005 | 20250809070334.0 | ||
| 008 | 081128s1972 fr |||| | fre d | ||
| 017 | _aNº 1.649, 3e trimestre 1972 | ||
| 080 | _a821.133.1-31"19" | ||
| 100 | 0 |
_aCarco, Francis. _935108 |
|
| 245 | 1 | 0 |
_aJésus-la-Caille / _cFrancis Carco. |
| 260 |
_a[Paris] : _bCalmann-Lévy, _c1972 ( _fBrodard et Taupin) |
||
| 300 |
_a252 p. ; _c17 cm. |
||
| 490 | 1 |
_aLe livre de poche ; _v310 |
|
| 830 | 0 | 3 |
_aLe livre de poche _v310 _9179656 |
| 852 | 4 |
_aES-MaACL _jE-12293 _9R.190491 _z- Biblioteca Jacinto Martínez Lacalle |
|
| 999 |
_c169799 _d169799 |
||